000 00572nam a2200205Ia 4500
008 240729s9999 xx 000 0 und d
022 _a2631-6315
245 0 _aIET Cyber-systems and Robotics
260 _aUnited Kingdom
260 _bWiley
650 _a Cybernetics | Science
650 _a Electronic computers. Computer science
650 _a Instruments and machines
650 _a Mathematics
650 _a Science (General)
650 _aScience
856 _uhttps://doaj.org/toc/032171a473e941399ac625b9d3e8c9f5
942 _2ddc
942 _cDOAJEJ
999 _c66763
_d66763
945 _a1
_bMadushi Gamage
_c1
_dMadushi Gamage